[Event "38th Olympiad w"]
[Site "Dresden GER"]
[Date "2008.11.21"]
[Round "8"]
[White "Baklanova,T"]
[Black "Umarova,S"]
[Result "1-0"]
[WhiteElo "2231"]
[BlackElo "1836"]
[EventDate "2008.11.13"]

1. d4 f5 2. c4 Nf6 3. Nc3 e6 4. Nf3 d5 5. Bf4 Bd6 6. e3 c6 7. Bd3 O-O 8.
Qc2 Na6 9. a3 Nc7 10. Bxd6 Qxd6 11. c5 Qe7 12. h3 Ne4 13. Ne5 Bd7 14. g4
Be8 15. O-O-O b6 16. f3 Nxc3 17. Qxc3 bxc5 18. Qxc5 Qxc5+ 19. dxc5 a5 20.
Kd2 Rb8 21. Rb1 f4 22. h4 fxe3+ 23. Kxe3 Rb3 24. Kd2 Bg6 25. Bxg6 hxg6 26.
h5 gxh5 27. Rxh5 Nb5 28. Rbh1 1-0

[Event "38th Olympiad w"]
[Site "Dresden GER"]
[Date "2008.11.21"]
[Round "8"]
[White "Mucha,A"]
[Black "Odinaeva,S"]
[Result "1-0"]
[WhiteElo "1965"]
[BlackElo "1765"]
[EventDate "2008.11.13"]

1. e4 e5 2. Nf3 Nc6 3. Bc4 d6 4. c3 Be6 5. Bb3 Bxb3 6. Qxb3 Rb8 7. d3 Be7
8. O-O Nf6 9. Nbd2 O-O 10. d4 Qd7 11. Re1 b5 12. Nf1 Nh5 13. Ng3 Nxg3 14.
fxg3 a5 15. Be3 Bf6 16. Rad1 Qe7 17. Bf2 g6 18. Re2 Bg7 19. dxe5 Nxe5 20.
Nxe5 Bxe5 21. Bd4 c5 22. Bxe5 dxe5 23. Red2 c4 24. Qc2 Rfd8 25. Rd5 Rxd5
26. Rxd5 Rb6 27. Qf2 Rb7 28. Qd2 Rb6 29. h4 Kg7 30. Kh2 h6 31. Rd7 Qf6 32.
Qd5 a4 33. Qc5 Qe6 34. Rd8 Qc6 35. Qf8+ Kf6 36. Qh8+ Ke7 37. Rd5 Qf6 38.
Qd8+ 1-0

[Event "38th Olympiad w"]
[Site "Dresden GER"]
[Date "2008.11.21"]
[Round "8"]
[White "Jennitha,A"]
[Black "Lee Wing"]
[Result "1-0"]
[WhiteElo "1998"]
[BlackElo "2014"]
[EventDate "2008.11.13"]

1. e4 e5 2. Nf3 Nc6 3. Bb5 Nf6 4. O-O d6 5. Re1 Be7 6. d4 O-O 7. Bxc6 bxc6
8. dxe5 dxe5 9. Qxd8 Rxd8 10. Nxe5 Bb7 11. Nc3 Bb4 12. Bg5 h6 13. Bxf6 gxf6
14. Nd3 Bd6 15. Na4 Ba6 16. Nac5 Bxd3 17. Nxd3 c5 18. b3 a5 19. a4 Kh7 20.
g3 Rg8 21. Rad1 h5 22. e5 fxe5 23. Nxe5 Rg7 24. Nc4 Ra6 25. Rd5 Kh6 26.
Red1 Rg6 27. Rf5 Rg7 28. Rdd5 Kh7 29. Rxh5+ Kg8 30. Rhg5 f6 31. Rxg7+ Kxg7
32. f4 Kg6 33. Kg2 Kf7 34. f5 Kg7 35. g4 1-0

[Event "38th Olympiad w"]
[Site "Dresden GER"]
[Date "2008.11.21"]
[Round "8"]
[White "Segarra Choer,T"]
[Black "Ramirez M.,E"]
[Result "0-1"]
[WhiteElo "1819"]
[BlackElo "2016"]
[EventDate "2008.11.13"]

1. d4 Nf6 2. c4 c5 3. d5 e6 4. Nc3 exd5 5. cxd5 d6 6. e4 g6 7. Be2 Bg7 8.
Nf3 O-O 9. O-O Nh5 10. Ne1 Nf6 11. Nf3 Na6 12. Nd2 Re8 13. h3 Nc7 14. Qc2
Nfxd5 15. Nxd5 Nxd5 16. Bb5 Nb4 17. Qa4 Re7 18. a3 Na6 19. Bxa6 bxa6 20.
Qc2 Bb7 21. Rd1 Re6 22. Rb1 Qe7 23. f3 Bd4+ 24. Kh1 d5 25. b4 dxe4 26. Nxe4
Bxe4 27. fxe4 Rxe4 28. Bb2 Re2 29. Rd2 Re1+ 30. Rxe1 Qxe1+ 31. Kh2 Bg1+ 0-1

[Event "38th Olympiad w"]
[Site "Dresden GER"]
[Date "2008.11.21"]
[Round "8"]
[White "Shaughnessy,E"]
[Black "Chen I Chen"]
[Result "0-1"]
[WhiteElo "1899"]
[BlackElo "1725"]
[EventDate "2008.11.13"]

1. e4 e5 2. d4 exd4 3. Qxd4 Nc6 4. Qe3 Bb4+ 5. Bd2 Bxd2+ 6. Nxd2 Nf6 7.
O-O-O O-O 8. Bc4 Re8 9. f3 d6 10. Ne2 a5 11. a4 Bd7 12. Qf4 Ne5 13. Ba2
Bxa4 14. Nd4 Bd7 15. h4 Nh5 16. Qe3 Qf6 17. g4 Qf4 18. Qb3 Ng3 19. Rhe1 c5
20. Nb5 Bxb5 21. Qxb5 Nxf3 22. Re3 Qxe3 23. Bxf7+ Kxf7 24. Qxb7+ Kg8 25.
Qd5+ Kh8 26. Kb1 Nxd2+ 27. Rxd2 Nxe4 28. Rd3 Qe1+ 29. Rd1 Qb4 30. Rd3 Rab8
31. Rb3 Nd2+ 0-1

[Event "38th Olympiad w"]
[Site "Dresden GER"]
[Date "2008.11.21"]
[Round "8"]
[White "Al Khelaifi,S"]
[Black "Munoz,Ca"]
[Result "1/2-1/2"]
[WhiteElo "1707"]
[BlackElo "2026"]
[EventDate "2008.11.13"]

1. d4 d5 2. Nc3 Nf6 3. Bg5 Nbd7 4. Qd3 h6 5. Bxf6 Nxf6 6. e4 dxe4 7. Nxe4
e6 8. O-O-O Nxe4 9. Qxe4 Qd5 10. Qxd5 exd5 11. Nf3 Be6 12. Bd3 O-O-O 13.
Rhe1 Bd6 14. Ne5 Rhe8 15. c3 c6 16. Bc2 f6 17. Nf3 Bg4 18. h3 Bf4+ 19. Kb1
Bxf3 20. gxf3 Bg5 21. Bf5+ Kc7 22. Bg6 Rxe1 23. Rxe1 Bd2 24. Re2 Bf4 25.
Bf5 Bd6 26. Kc2 Rf8 27. Kd3 Rf7 28. Bg6 Re7 29. Re3 Kd8 30. Bf5 Bf4 31.
Rxe7 Kxe7 32. b3 Kd6 33. Ke2 c5 34. Kd3 cxd4 35. cxd4 Bg5 36. Ke2 1/2-1/2